000 01130nam a2200301 i 4500
001 bg
003 KOSZ 005
005 20200422152541.0
008 071016s1968 pl a f f 001 0 pol
015 _aPB 1969/94
040 _aWA N
_cKOSZ 005/RW
_dKOSZ 005/RW
080 _a69+624
245 0 0 _aPoradnik inżyniera i technika budowlanego.
_nT. 2 cz. 1 /
_c[aut. Halina Badowska et al. ; red. Eugeniusz Piliszek, Eugenia Krzemińska-Niemiec] ; Polski Związek Inżynierów i Techników Budownictwa.
250 _aWyd. 2 zm. i rozsz.
260 _aWarszawa :
_b"Arkady",
_c1968.
300 _a1043 s. :
_bil. ;
_c23 cm.
380 _aKsiążki.
504 _aBibliogr. przy rozdz. Indeks.
580 _aT. 1 poz. 388/65.
650 4 _aBudownictwo
655 4 _aPoradnik
700 1 _aBadowska, Halina.
710 2 _aWydawnictwo "Arkady".
_4pbl.
700 1 _aPiliszek, Eugeniusz
_c(budownictwo)
_eRedakcja
700 1 _aKrzemińska-Niemiec, Eugenia
_eRedakcja
856 _uhttp://koha.tu.koszalin.pl/cgi-bin/koha/opac-detail.pl?biblionumber=7935
_yKatalog online BPK
942 _2UKD
_cKS
999 _c7935
_d7935